Gyermekeknek. apró darabok kezdő zongorázóknak [oktávfogás nélkül] : magyar gyermekés népdalok felhasználásával / 2

Hlavní autor: Bartók, Béla, 1881-1945
Jazyk: Nelze použít, není lingvistický obsah
Vydáno: Budapest : Zeneműkiadó Vállalat, 1962
Vydání: 10. kiad.
Fyzický popis: 24 s.
Hudebniny Hudebniny
Uloženo v:
LEADER 00802ncm a22002172a 4500
001 001261484
003 CZ BrMZK
005 20121029092207.0
007 qu
008 121029s1962 hu |||||||||||||||||zxx d
040 |a BOA001  |b cze 
072 7 |a 786  |x Hudba pro klávesové nástroje  |2 Konspekt  |9 9 
100 1 |a Bartók, Béla,  |d 1881-1945  |7 jn19990000488  |4 cmp 
245 1 0 |a Gyermekeknek.  |n 2  |h [hudebnina] :  |b apró darabok kezdő zongorázóknak [oktávfogás nélkül] : magyar gyermekés népdalok felhasználásával /  |c Bartók Béla 
250 |a 10. kiad. 
260 |a Budapest :  |b Zeneműkiadó Vállalat,  |c 1962 
300 |a 24 s. 
910 |a BOA001  |b Mus4-0491.177,2 
990 |a MU 
991 |b 201210 
996 6 |b 2619076122  |c Mus4-0491.177,2  |l MZK  |r Sklad / do 1 hodiny  |n 0  |w 001295303  |u 000010  |a 1  |e BOA001  |j MZK50  |s P